000 00584nam a2200193Ii 4500
003 JO-AjNU
008 230605s9999||||xx |||||||||||||| ||und||
040 _aJO-AjNU
_bara
_erda
_cJO-AjNU
041 _aara
050 1 4 _aBJ1291.M3
100 3 _aالمشوخي،ابراهيم,
_eauthor
_941209
245 0 0 _aآفات اللسان
264 3 1 _aالزرقاء:مكتبة المنار،د.ت
300 _a163ص
336 _atext
_btxt
_2rdacontent
337 _aunmediated
_bn
_2rdamedia
338 _avolume
_bnc
_2rdacarrier
650 4 _aالاخلاق الاسلامية
_941210
999 _aA17551
_c21119
_d21119